o-Deklination (2. Deklination): Substantive auf -us - Statistiken

Allgemein
  • Dieses Quiz wurde 56 mal gespielt
  • Das Durchschnittsergebnis liegt bei 11 aus 12
Antwortstatistiken
Hint Antwort % Korrekt
Gen. Sg. amīcī
100%
Dat. Sg. amīcō
100%
Abl. Sg. amīcō
100%
Nom. Sg. amīcus
100%
Akk. Sg. amīcum
97%
Nom. Pl. amīcī
91%
Gen. Pl. amīcōrum
91%
Akk. Pl. amīcōs
91%
Dat. Pl. amīcīs
89%
Abl. Pl. amīcīs
89%
Vok. Pl. amīcī
80%
Vok. Sg. amīce
74%
Keine übereinstimmenden Quizze gefunden
Verteilung der Resultate
Anzahl Personen mit jedem Resultat
Perzentil nach korrekt beantworteten Fragen
Ihre Resultats-Entwicklung
Sie haben dieses Quiz noch nicht gespielt